000
00286nam a22001337a 4500
003
SGT
082
_a
340.590954,MAH
100
_a
MAHMOOD,TAHIR
245
_a
MUSLIM LAW
260
_a
NEW DELHI
_b
UNIVERSAL BOOKS
_c
2013
300
_a
500
650
_a
MUSLIM LAW IN INDIA
942
_2
ddc
_c
BK
999
_c
9695
_d
9695